Problems of everyday life : creating the foundations for a new society in revolutionary Russia

Αποθηκεύτηκε σε:
Λεπτομέρειες βιβλιογραφικής εγγραφής
Κύριος συγγραφέας: Trotsky, Leon 1879-1940
Μορφή: Βιβλίο
Γλώσσα:English
Δημοσίευση: New York : Pathfinder, 1994
Θέματα:
Ετικέτες: Προσθήκη ετικέτας
Δεν υπάρχουν, Καταχωρήστε ετικέτα πρώτοι!

MARC

LEADER 00000nam a2200000 i 4500
001 1/69795
008 981110s1994 eng d
020 |a 0-913460-15-X 
035 |l 10030463 
040 |a GR-MY-UA  |b gre  |e aacr 
041 0 |a eng 
082 0 |a 947.0842 
100 1 |a Trotsky, Leon  |d 1879-1940. 
245 1 0 |a Problems of everyday life :  |b creating the foundations for a new society in revolutionary Russia /  |c Leon Trotsky 
260 |a New York :   |b Pathfinder,   |c 1994 
300 |a 352 p. 
500 |a Includes index 
600 1 0 |a Trotsky Leon  |d 1879-1940. 
650 0 0 |a Speeches, addresses, etc. 
651 0 |a Soviet Union  |x Social conditions  |y 1917-1945. 
852 |a INST  |b LESVOS  |e 19981110  |h 947.0842 TRO  |p 005100018220  |q 005100018220  |t BK  |y 0 
901 |a BIBL-1999-1 
909 |a Λ  |b 060050 
922 |a 1ΕΛΗ  |b 199810  |c ΚΠΣ/ΤΚ  |d ΠΑΠΑΣΩΤΗΡΙΟΥ 
950 |a 103-1998-07-27 
970 |z 2000/06/ΟΙΚΟΝΟΜΟΠΟΥΛΟΥ ΧΡΙΣΤΙΝΑ